| 000 | 00876nam a2200229Ka 4500 | ||
|---|---|---|---|
| 020 | _a0078228107 (grade 6 student edition) | ||
| 040 | _cTXV | ||
| 082 | _a808 GLE 2001 A096 Or. | ||
| 245 | 0 | 0 |
_aGlencoe writer's choice : _bgrammar and composition |
| 246 | 3 | 0 | _aWriter's choice: grammar and composition |
| 250 | _aTexas ed | ||
| 260 |
_aNew York : _bGlencoe McGraw-Hill ; _cc2001 |
||
| 300 |
_av. : _bill. ; _c28 cm. + _eTexas teacher's wraparound edition (for each grade level) + interactive grammar and language workbook cd-rom (includes cd-rom, Windows diskette, Macintosh diskette, and user's guide) |
||
| 500 | _aIncludes index | ||
| 650 | 0 | _aLanguage arts (Elementary) | |
| 650 | 0 | _aLanguage arts (Secondary) | |
| 650 | 0 | _aComposition (Language arts) | |
| 650 | 0 | _aEnglish language | |
| 650 | 0 | _aEnglish language | |
| 710 | 2 | _aGlencoe/McGraw-Hill | |
| 942 | _cEK | ||
| 999 |
_c14103 _d14103 |
||